Countries Visited By Quizmaster - Statistics

General Stats
  • This quiz has been taken 472 times
    466 since last reset
  • The average score is 18 of 22
Answer Stats
Continent Country % Correct
Oceania Australia
99%
North America United States
99%
North America Canada
97%
Europe France
96%
Europe United Kingdom
96%
Europe Germany
95%
North America Mexico
95%
Europe Italy
92%
Asia China
90%
Europe Spain
90%
Asia Japan
87%
Oceania New Zealand
83%
Europe Ireland
80%
South America Peru
78%
Europe Sweden
77%
Europe Austria
76%
Europe Denmark
74%
Europe Norway
71%
North America Costa Rica
60%
Europe Vatican City
57%
Asia Thailand
54%
Africa Tanzania
48%
No matching quizzes found
Score Distribution
Percent of People with Each Score
Percentile by Number Answered
Your Score History
You have not taken this quiz since the last reset